Frindle / (Record no. 822)
[ view plain ]
| 000 -LEADER | |
|---|---|
| fixed length control field | 01117nam a22003017a 4500 |
| 005 - DATE AND TIME OF LATEST TRANSACTION | |
| control field | 20230710155338.0 |
| 020 ## - INTERNATIONAL STANDARD BOOK NUMBER | |
| International Standard Book Number | 0689806698 |
| 040 ## - CATALOGING SOURCE | |
| Original cataloging agency | DLC |
| Transcribing agency | DLC |
| Modifying agency | DLC |
| Language of cataloging | eng |
| 050 00 - LIBRARY OF CONGRESS CALL NUMBER | |
| Classification number | PZ7.C59118 |
| Item number | Fr 1996 |
| 082 00 - DEWEY DECIMAL CLASSIFICATION NUMBER | |
| Classification number | 813.54 |
| Edition number | 20 |
| 100 1# - MAIN ENTRY--PERSONAL NAME | |
| Personal name | Clements, Andrew, |
| Dates associated with a name | 1949-2019, |
| Relator term | author. |
| 245 10 - TITLE STATEMENT | |
| Title | Frindle / |
| Statement of responsibility, etc. | Andrew Clements ; pictures by Brian Selznick. |
| 250 ## - EDITION STATEMENT | |
| Edition statement | This edition first printing, September 2012 |
| 260 ## - PUBLICATION, DISTRIBUTION, ETC. | |
| Place of publication, distribution, etc. | New York : |
| Name of publisher, distributor, etc. | Scholastic, |
| Date of publication, distribution, etc. | 1996. |
| 300 ## - PHYSICAL DESCRIPTION | |
| Extent | 105 pages : |
| Other physical details | illustrations ; |
| Dimensions | 20 cm. |
| 505 ## - FORMATTED CONTENTS NOTE | |
| Formatted contents note | U <br/> |
| 520 ## - SUMMARY, ETC. | |
| Summary, etc. | When he decides to turn his fifth grade teacher's love of the dictionary around on her, clever Nick Allen invents a new word and begins a chain of events that quickly moves beyond his control. |
| 521 ## - TARGET AUDIENCE NOTE | |
| Target audience note | 830 <br/> |
| Source | Lexile |
| 521 ## - TARGET AUDIENCE NOTE | |
| Target audience note | U <br/> |
| Source | Raz-Plus <br/> |
| 650 #1 - SUBJECT ADDED ENTRY--TOPICAL TERM | |
| Topical term or geographic name entry element | Teacher-student relationships |
| General subdivision | Fiction. |
| 650 #1 - SUBJECT ADDED ENTRY--TOPICAL TERM | |
| Topical term or geographic name entry element | Words, New |
| General subdivision | Fiction. |
| 650 #1 - SUBJECT ADDED ENTRY--TOPICAL TERM | |
| Topical term or geographic name entry element | Schools |
| General subdivision | Fiction. |
| 700 1# - ADDED ENTRY--PERSONAL NAME | |
| Personal name | Selznick, Brian, |
| Relator term | illustrator. |
| 906 ## - LOCAL DATA ELEMENT F, LDF (RLIN) | |
| a | 7 |
| b | cbc |
| c | orignew |
| d | 1 |
| e | ocip |
| f | 19 |
| g | y-gencatlg |
| 942 ## - ADDED ENTRY ELEMENTS (KOHA) | |
| Source of classification or shelving scheme | Dewey Decimal Classification |
| Koha item type | Books |
| Suppress in OPAC | No |
| 999 ## - | |
| -- | 822 |
| -- | 822 |
| Withdrawn status | Lost status | Source of classification or shelving scheme | Damaged status | Not for loan | Collection | Home library | Current library | Shelving location | Date acquired | Total Checkouts | Full call number | Barcode | Date last seen | Price effective from | Koha item type |
|---|---|---|---|---|---|---|---|---|---|---|---|---|---|---|---|
| Dewey Decimal Classification | Fiction | Footprints International School Library Network Toul Kork Campus | Footprints International School Library Network Toul Kork Campus | A TK Campus, 4th Floor, Room B401, Fiction Bookcases (1-6) | 07/10/2023 | CLE Fic 813.54 PZ7.C59118 | FISTK05470 | 07/10/2023 | 07/10/2023 | Books |
